000 00425nam a22001697a 4500
003 MPLRDC
005 20220104144231.0
008 210129b ||||| |||| 00| 0 eng d
082 _a177.2 LWX-2
100 _a林伟贤
245 _a新鲜人成功志
_c
250 _a一版一刷
260 _a
_b实践家文化有限公司
_c2002
300 _b
650 _a应用心理学--成功法
942 _cBK
_o177.2 LWX-2
999 _c47673
_d47663